<?xml version="1.0" encoding="UTF-8"?>
<record
    xmlns:xsi="http://www.w3.org/2001/XMLSchema-instance"
    xsi:schemaLocation="http://www.loc.gov/MARC21/slim http://www.loc.gov/standards/marcxml/schema/MARC21slim.xsd"
    xmlns="http://www.loc.gov/MARC21/slim">

  <leader>02054cam a2200253Ii 4500</leader>
  <datafield tag="020" ind1=" " ind2=" ">
    <subfield code="a">9781493973491</subfield>
  </datafield>
  <datafield tag="020" ind1=" " ind2=" ">
    <subfield code="a">1493973495</subfield>
  </datafield>
  <datafield tag="040" ind1=" " ind2=" ">
    <subfield code="c">GW5XE</subfield>
  </datafield>
  <datafield tag="082" ind1="0" ind2="4">
    <subfield code="a">615 BHU 2018 A035 Or.</subfield>
  </datafield>
  <datafield tag="100" ind1="1" ind2=" ">
    <subfield code="a">Bhunia, Arun K.,</subfield>
  </datafield>
  <datafield tag="245" ind1="1" ind2="0">
    <subfield code="a">Foodborne microbial pathogens :</subfield>
    <subfield code="b">mechanisms and pathogenesis /</subfield>
  </datafield>
  <datafield tag="250" ind1=" " ind2=" ">
    <subfield code="a">Second edition</subfield>
  </datafield>
  <datafield tag="300" ind1=" " ind2=" ">
    <subfield code="a">1 online resource (xxvi, 365 pages) :</subfield>
    <subfield code="b">illustrations (some color)</subfield>
  </datafield>
  <datafield tag="490" ind1="1" ind2=" ">
    <subfield code="a">Food science text series,</subfield>
  </datafield>
  <datafield tag="520" ind1=" " ind2=" ">
    <subfield code="a">This book primarily covers the general description of foodborne pathogens and their mechanisms of pathogenesis, control and prevention, and detection strategies, with easy-to-comprehend illustrations. The book is an essential resource for food microbiology graduate or undergraduate students, microbiology professionals, and academicians involved in food microbiology, food safety, and food defense-related research or teaching. This new edition covers the significant progress that has been made since 2008 in understanding the pathogenic mechanism of some common foodborne pathogens, and the host-pathogen interaction. Foodborne and food-associated zoonotic pathogens, responsible for high rates of mortality and morbidity, are discussed in detail. Chapters on foodborne viruses, parasites, molds and mycotoxins, and fish and shellfish are expanded. Additionally, chapters on opportunistic and emerging foodborne pathogens including Nipah virus, Ebola virus, Aeromonas hydrophila, Brucella abortus, Clostridium difficile, Cronobacter sakazakii, and Plesiomonas shigelloides have been added. The second edition contains more line drawings, color photographs, and hand-drawn illustrations</subfield>
  </datafield>
  <datafield tag="650" ind1=" " ind2="0">
    <subfield code="a">Foodborne diseases</subfield>
  </datafield>
  <datafield tag="650" ind1=" " ind2="0">
    <subfield code="a">Pathogenic bacteria.</subfield>
  </datafield>
  <datafield tag="650" ind1=" " ind2="0">
    <subfield code="a">Food</subfield>
  </datafield>
  <datafield tag="710" ind1="2" ind2=" ">
    <subfield code="a">Ohio Library and Information Network.</subfield>
  </datafield>
  <datafield tag="856" ind1="4" ind2="0">
    <subfield code="u">http://rave.ohiolink.edu/ebooks/ebc/9781493973491</subfield>
  </datafield>
  <datafield tag="856" ind1="4" ind2="0">
    <subfield code="u">http://link.springer.com/10.1007/978-1-4939-7349-1</subfield>
  </datafield>
  <datafield tag="856" ind1="4" ind2="0">
    <subfield code="u">http://proxy.ohiolink.edu:9099/login?url=http://link.springer.com/10.1007/978-1-4939-7349-1</subfield>
  </datafield>
  <datafield tag="942" ind1=" " ind2=" ">
    <subfield code="c">AEDBB</subfield>
  </datafield>
  <datafield tag="999" ind1=" " ind2=" ">
    <subfield code="c">20809</subfield>
    <subfield code="d">20809</subfield>
  </datafield>
  <datafield tag="952" ind1=" " ind2=" ">
    <subfield code="0">0</subfield>
    <subfield code="1">0</subfield>
    <subfield code="4">0</subfield>
    <subfield code="6">615_000000000000000_BHU_2018_A035_OR</subfield>
    <subfield code="7">0</subfield>
    <subfield code="9">92341</subfield>
    <subfield code="a">LBA</subfield>
    <subfield code="b">LBA</subfield>
    <subfield code="c">A035</subfield>
    <subfield code="d">2022-12-05</subfield>
    <subfield code="l">8</subfield>
    <subfield code="o">615 BHU 2018 A035 Or.</subfield>
    <subfield code="p">a069595</subfield>
    <subfield code="r">2026-02-13</subfield>
    <subfield code="s">2026-01-28</subfield>
    <subfield code="y">AEDBB</subfield>
  </datafield>
  <datafield tag="952" ind1=" " ind2=" ">
    <subfield code="0">0</subfield>
    <subfield code="1">0</subfield>
    <subfield code="4">0</subfield>
    <subfield code="6">615_000000000000000_BHU_2018_A035_OR</subfield>
    <subfield code="7">0</subfield>
    <subfield code="9">92342</subfield>
    <subfield code="a">LBA</subfield>
    <subfield code="b">LBA</subfield>
    <subfield code="c">A035</subfield>
    <subfield code="d">2022-12-05</subfield>
    <subfield code="l">4</subfield>
    <subfield code="o">615 BHU 2018 A035 Or.</subfield>
    <subfield code="p">a069646</subfield>
    <subfield code="r">2026-02-16</subfield>
    <subfield code="s">2026-01-28</subfield>
    <subfield code="y">AEDBB</subfield>
  </datafield>
  <datafield tag="952" ind1=" " ind2=" ">
    <subfield code="0">0</subfield>
    <subfield code="1">0</subfield>
    <subfield code="4">0</subfield>
    <subfield code="6">615_000000000000000_BHU_2018_A035_OR</subfield>
    <subfield code="7">0</subfield>
    <subfield code="9">92343</subfield>
    <subfield code="a">LBA</subfield>
    <subfield code="b">LBA</subfield>
    <subfield code="c">A035</subfield>
    <subfield code="d">2022-12-05</subfield>
    <subfield code="l">3</subfield>
    <subfield code="o">615 BHU 2018 A035 Or.</subfield>
    <subfield code="p">a069619</subfield>
    <subfield code="r">2023-08-07</subfield>
    <subfield code="s">2023-07-26</subfield>
    <subfield code="y">AEDBB</subfield>
  </datafield>
</record>
